Largest Cities on Each Continent Beginning with 'V' - Statistics

General Stats
  • This quiz has been taken 328 times
  • The average score is 9 of 30
Answer Stats
Continent Population Answer % Correct
North America 2,900,000 Vancouver
84%
Europe 2,225,000 Vienna
81%
South America 2,025,000 Valencia
74%
Europe 1,870,000 Valencia
74%
Europe 1,400,000 Volgograd
61%
South America 1,030,000 Valparaíso
54%
Asia 620,157 Vientiane
50%
Europe 559,250 Vilnius
50%
Asia 1,970,000 Vārānasi
44%
Africa 66,208 Virginia
43%
North America 1,620,000 Virginia Beach
40%
Europe 1,060,000 Voronezh
37%
North America 939,046 Veracruz
35%
South America 1,870,000 Vitória
33%
Asia 2,250,000 Vadodara
27%
Europe 371,861 Valladolid
26%
Asia 2,250,000 Visākhapatnam
20%
Asia 2,075,000 Vijayawāda
15%
North America 453,491 Vallejo
9%
North America 833,907 Villahermosa
7%
North America 473,117 Visalia
7%
Africa 377,922 Vereeniging
6%
Asia 1,222,390 Vāsai-Virār
3%
Africa 105,668 Vacoas-Phoenix
1%
Africa 53,353 Voi
1%
South America 671,067 Vale do Aço
0%
South America 848,362 Vale do Itajaí
0%
South America 944,278 Vale do Rio Cuiabá
0%
Africa 67,096 Vavoua
0%
Africa 56,256 Vwawa
0%
No matching quizzes found
Score Distribution
Percent of People with Each Score
Percentile by Number Answered
Your Score History
You have not taken this quiz